LEADER 01612nam0 2200409 450 001 000021897 005 20110919080615.0 100 $a20080703d1912----km-y0itaa50------ba 101 0 $aita 102 $aIT 200 1 $aOpere Italiane$fTeofilo Folengo$ga cura di Umberto Renda 210 $aBari$c<> Laterza e figli$d1912 215 $aVolumi$d22 cm 225 2 $aScrittori d'Italia$v28 300 $aL. 5.50 316 $aSul frontespizio e sulla copertina: Sergio De Pilato, luglio '912 327 0 $aVol. 2. - 1912. - 318 p.$aVol. 3. - 1914. - 277 p. 410 0$12001$aScrittori d'Italia$v28 676 $a851.3$v(21. ed.)$9Poesia italiana, 1492-1542 700 1$aFolengo,$bTeofilo$0330547 702 1$aRenda,$bUmberto 801 0$aIT$bUniversità della Basilicata - B.I.A.$gRICA$2unimarc 912 $a000021897 996 $aOpere Italiane$988213 997 $aUNIBAS BAS $aLETTERE CAT $aSTD062$b01$c20080703$lBAS01$h1553 CAT $aTTM$b30$c20090302$lBAS01$h1623 CAT $aTTM$b30$c20090303$lBAS01$h0915 CAT $aTTM$b30$c20090303$lBAS01$h0918 CAT $aTTM$b30$c20091117$lBAS01$h0843 CAT $aTTM$b30$c20091117$lBAS01$h0846 CAT $aEXT012$b20$c20110914$lBAS01$h1029 CAT $aATR$b20$c20110919$lBAS01$h0806 FMT Z30 -1$lBAS01$LBAS01$mBOOK$1BASA1$APolo Storico-Umanistico$2FDEP2$BFondo De Pilato Biscione$3FD/107779$6107779$5L107779$820090303$e277$f52$FRari$hVol. 3. Z30 -1$lBAS01$LBAS01$mBOOK$1BASA1$APolo Storico-Umanistico$2FDEP2$BFondo De Pilato Biscione$3FD/109177$5L109177$820091117$e318$f52$FRari$hVol. 2. LEADER 01264nas 2200409 c 450 001 9910894616603321 005 20260218110302.0 035 $a(CKB)3790000000120516 035 $a(DE-599)ZDB2676809-4 035 $a(OCoLC)897526020 035 $a(DE-101)1024955478 035 $a(DE-599)2676809-4 035 $a(EXLCZ)993790000000120516 100 $a20120808a20119999 |y | 101 0 $ager 135 $aur||||||||||| 181 $ctxt$2rdacontent 182 $cc$2rdamedia 183 $acr$2rdacarrier 200 10$aStatistische Berichte / Hessisches Statistisches Landesamt$hA$hI$h6$i˜Dieœ Bevo?lkerung der kreisfreien Sta?dte und Landkreise Hessens nach Alter und Geschlecht 210 31$aWiesbaden$cHessisches Statistisches Landesamt$d2011- 215 $aOnline-Ressource 225 0 $aStatistik Hessen 300 $aGesehen am 18.11.14 517 $aStatistische Berichte / A / 1 / 3 / A 1 4 517 1 $aStatistische Berichte / A / 1 / 6 608 $aZeitschrift$2gnd-content 608 $aStatistik$2gnd-content 676 $a330 676 $a310 801 0$b1240 801 1$bDE-101 801 2$b9001 906 $aJOURNAL 912 $a9910894616603321 996 $aStatistische Berichte$91920339 997 $aUNINA